| 000 | 00682nam a2200217Ia 4500 | ||
|---|---|---|---|
| 003 | GCL | ||
| 008 | 140319s9999 xx 000 0 ara d | ||
| 040 |
_aGCL / _cGCL |
||
| 082 | 0 | 4 |
_aق _b962.39 _bب ع |
| 100 | 1 | _aباليت، د . ك | |
| 245 | 1 | 0 |
_aالعودة الى سيناء / _cباليت، د . ك |
| 700 | 1 | _aمحمد شفيق زيد | |
| 300 | _a186 ص | ||
| 490 |
_aالهيئة العامة للاستعلامات _v0 |
||
| 650 | 0 | 4 | _aالعمليات الحربية |
| 650 | 0 | 4 | _aسيناء -التاريخ |
| 650 | 0 | 4 | _aسيناء - الاحتلال |
| 650 | 0 | 4 | _aالهجوم العسكرى |
| 650 | 0 | 4 | _aحرب اكتوبر 1973 - مصر |
| 942 |
_2ddc _cBK |
||
| 999 |
_c52032 _d52032 |
||